• 首页
  • 本馆介绍
  • 公告通知
  • 最新文献
  • 馆藏检索
  • 电子资源
  • 读者导购
  • 参考咨询
  • 我的图书馆
  • 登录
  • 详细信息显示
  • 放入我的书架
  • 预约/预借图书
  • 作者相关作品
  • 分类相关作品
  • 丛书相关作品
  • 出版社相关作品

书目信息

  • 表格格式
  • 工作单格式
  • 卡片格式
题名:
教育创新与课堂优化设计
    
 
作者: 张素文 主编
分册:  
出版信息: 广州   广东世界图书出版公司  2011
页数: 180页
开本: 23cm
丛书名: 教师专业发展丛书
单 册:
中图分类: G632.0 , G632.421
科图分类:
主题词: 中小学教育--教育改革--研究 , 中小学--课堂教学--教学研究
电子资源:
ISBN: 978-7-5100-3354-4
000 00877nam0 2200253 450
001 2370149956
005 20231207192947.61
010    @a978-7-5100-3354-4@dCNY 38.80
100    @a20120228d2011 em y0chiy0120 ea
101 0  @achi
102    @aCN@b440000
105    @ay z 000yy
200 1  @a教育创新与课堂优化设计@Ajiao yu chuang xin yu ke tang you hua she ji@b专著@f张素文[主编]@g本书编写组编著
210    @a广州@c广东世界图书出版公司@d2011
215    @a180页@d23cm
225 1  @a教师专业发展丛书@f王立群,周作宇主编
330    @a本书提供了关于教育创新和课堂优化设计一系列的方法和技巧,从不同角度阐述如何把死板的教学变得更加鲜活。
606 0  @a中小学教育@x教育改革@x研究
606 0  @a中小学@x课堂教学@x教学研究
690    @aG632.0@v5
690    @aG632.421@v5
701  0 @a张素文@Azhang su wen@4主编
801  2 @aCN@b辽宁北配@c20231205
905    @aZUCC@dG632.0@e47
    
    教育创新与课堂优化设计/张素文[主编]/本书编写组编著.-广州:广东世界图书出版公司,2011
    180页;23cm.-(教师专业发展丛书/王立群,周作宇主编)
    
    
    ISBN 978-7-5100-3354-4:CNY 38.80
    本书提供了关于教育创新和课堂优化设计一系列的方法和技巧,从不同角度阐述如何把死板的教学变得更加鲜活。
●
相关链接 在五车中查询图书 在当当中查询图书 在豆瓣中查询图书


正题名:教育创新与课堂优化设计     索取号:G632.0/47         预约/预借

序号 登录号 条形码 馆藏地/架位号 状态 备注
1 2001245445   2001245445   502书库/ [索取号:G632.0/47] 在馆    
2 2001245446   2001245446   502书库/ [索取号:G632.0/47] 在馆    
3 2001245447   2001245447   502书库/ [索取号:G632.0/47] 在馆    
4 2001245448   2001245448   502书库/ [索取号:G632.0/47] 在馆    
5 2001245449   2001245449   501书库/ [索取号:G632.0/47] 在馆    
6 2001245450   2001245450   501书库/ [索取号:G632.0/47] 在馆    
7 2001245451   2001245451   501书库/ [索取号:G632.0/47] 在馆    
8 2001245452   2001245452   501书库/ [索取号:G632.0/47] 在馆    
9 2001245453   2001245453   501书库/ [索取号:G632.0/47] 在馆    
10 2001245454   2001245454   501书库/ [索取号:G632.0/47] 在馆    
11 2001245455   2001245455   315书库/ [索取号:G632.0/47] 在馆    
12 2001245456   2001245456   315书库/ [索取号:G632.0/47] 在馆    
13 2001245457   2001245457   315书库/ [索取号:G632.0/47] 在馆    
14 2001245458   2001245458   510书库/ [索取号:G632.0/47] 在馆    
15 2001245459   2001245459   315书库/ [索取号:G632.0/47] 在馆    
16 2001245460   2001245460   315书库/ [索取号:G632.0/47] 在馆    
17 2001245461   2001245461   315书库/ [索取号:G632.0/47] 在馆    
18 2001245462   2001245462   510书库/ [索取号:G632.0/47] 在馆    
19 2001245463   2001245463   510书库/ [索取号:G632.0/47] 在馆    
20 2001245464   2001245464   510书库/ [索取号:G632.0/47] 在馆    
21 2001245465   2001245465   510书库/ [索取号:G632.0/47] 在馆    
22 2001245466   2001245466   510书库/ [索取号:G632.0/47] 在馆    
23 2001245467   2001245467   513书库/ [索取号:G632.0/47] 在馆    
24 2001245468   2001245468   513书库/ [索取号:G632.0/47] 在馆    
25 2001245469   2001245469   513书库/ [索取号:G632.0/47] 在馆    
26 2001245470   2001245470   502书库/ [索取号:G632.0/47] 在馆    
27 2001245471   2001245471   502书库/ [索取号:G632.0/47] 在馆    
山东省滨州职业学院图书馆 欢迎您!
大连网信软件有限公司© 版权所有